Statistics for World Languages by Letter - C

Click here to take the quiz!

General Stats

  • This quiz has been taken 110 times
  • The average score is 10 of 18

Answer Stats

ClueLanguage% Correct
Chinese dialect spoken in Hong KongCantonese
98%
Official language of AndorraCatalan
95%
Historically called "Bohemian"Czech
93%
English name of "Hrvatski"
Croatian
88%
Napoleon's mother tongueCorsican
80%
Although its people are the largest
Native American tribe in the U.S.,
the language itself is not
Cherokee
69%
Language of a rebellious "republic"
in North Caucasus
Chechen
67%
Celtic language that saw a revival
in the early 20th century
Cornish
62%
Namesake of a capital of WyomingCheyenne
60%
Closest descendant to the spoken
language of the ancient Egyptians
Coptic
58%
Official language of an African island-nationComorian
51%
Most spoken aboriginal language
in Canada
Cree
49%
Largest indigenous language of MalawiChewa
41%
Its speakers call it "Bisaya"Cebuano
27%
Only surviving member of the Oghur
branch of the Turkic languages
Chuvash
27%
Its native speakers were the
dominant Native American tribe
in Texas between 1750-1850
Comanche
27%
Indigenous language of GuamChamorro
24%
Namesake of the demonym of
Bangladesh's second-largest urban area
Chittagonian
23%

Score Distribution

Percentile by Number Answered

Percent of People with Each Score

Your Score History

You have not taken this quiz